Yu-Gi-Oh! GX - Monstre (4) - Statistiques

Statistiques générales
  • Ce quiz a été pris 45 fois
  • Le résultat moyen est 80 sur 81
Statistiques - réponses
Question Tuile Select % Correct
Qui est Dragon Armé LV3 ? Non
100%
Qui est Dragon Armé LV3 ? Non
100%
Qui est Dragon Armé LV3 ? Non
100%
Qui est Dragon Armé LV3 ? Oui
100%
Qui est Dragon Armé LV3 ? Non
100%
Qui est Dragon Armé LV3 ? Non
100%
Qui est Dragon Armé LV3 ? Non
100%
Qui est Dragon Armé LV3 ? Non
100%
Qui est Dragon Armé LV3 ? Non
100%
Qui est Ojama Roi ? Non
100%
Qui est Ojama Roi ? Oui
100%
Qui est Ojama Roi ? Non
100%
Qui est Ojama Roi ? Non
100%
Qui est Ojama Roi ? Non
100%
Qui est Ojama Roi ? Non
100%
Qui est Ojama Roi ? Non
100%
Qui est Ojama Roi ? Non
100%
Qui est Ojama Roi ? Non
100%
Qui est Dragon Armé LV10 ? Non
100%
Qui est Dragon Armé LV10 ? Non
100%
Qui est Dragon Armé LV10 ? Non
100%
Qui est Dragon Armé LV10 ? Non
100%
Qui est Dragon Armé LV10 ? Non
100%
Qui est Dragon Armé LV10 ? Non
100%
Qui est Dragon Armé LV10 ? Non
100%
Qui est Ojama Noir ? Non
100%
Qui est Ojama Noir ? Non
100%
Qui est Ojama Noir ? Non
100%
Qui est Ojama Noir ? Non
100%
Qui est Ojama Noir ? Non
100%
Qui est Ojama Noir ? Non
100%
Qui est Ojama Noir ? Non
100%
Qui est Dragon Masqué ? Non
100%
Qui est Dragon Masqué ? Non
100%
Qui est Dragon Masqué ? Non
100%
Qui est Dragon Masqué ? Non
100%
Qui est Dragon Masqué ? Non
100%
Qui est Dragon Masqué ? Non
100%
Qui est Dragon Masqué ? Non
100%
Qui est Ojama Vert ? Non
100%
Qui est Ojama Vert ? Non
100%
Qui est Ojama Vert ? Non
100%
Qui est Ojama Vert ? Non
100%
Qui est Ojama Vert ? Non
100%
Qui est Ojama Vert ? Oui
100%
Qui est Ojama Vert ? Non
100%
Qui est Ojama Vert ? Non
100%
Qui est Ojama Vert ? Non
100%
Qui est Dragon Armé LV7 ? Non
100%
Qui est Dragon Armé LV7 ? Non
100%
Qui est Dragon Armé LV7 ? Non
100%
Qui est Dragon Armé LV7 ? Non
100%
Qui est Dragon Armé LV7 ? Non
100%
Qui est Dragon Armé LV7 ? Non
100%
Qui est Ojama Jaune ? Non
100%
Qui est Ojama Jaune ? Non
100%
Qui est Ojama Jaune ? Non
100%
Qui est Ojama Jaune ? Non
100%
Qui est Ojama Jaune ? Non
100%
Qui est Ojama Jaune ? Non
100%
Qui est Ojama Jaune ? Oui
100%
Qui est Ojama Jaune ? Non
100%
Qui est Ojama Jaune ? Non
100%
Qui est Dragon Armé LV5 ? Non
100%
Qui est Dragon Armé LV5 ? Non
100%
Qui est Dragon Armé LV5 ? Non
100%
Qui est Dragon Armé LV5 ? Non
100%
Qui est Dragon Armé LV5 ? Non
100%
Qui est Dragon Armé LV5 ? Non
100%
Qui est Dragon Armé LV5 ? Non
100%
Qui est Ojama Noir ? Oui
97%
Qui est Ojama Noir ? Non
97%
Qui est Dragon Masqué ? Non
95%
Qui est Dragon Masqué ? Oui
95%
Qui est Dragon Armé LV5 ? Oui
95%
Qui est Dragon Armé LV5 ? Non
95%
Qui est Dragon Armé LV7 ? Non
92%
Qui est Dragon Armé LV7 ? Non
87%
Qui est Dragon Armé LV10 ? Oui
79%
Qui est Dragon Armé LV10 ? Non
79%
Qui est Dragon Armé LV7 ? Oui
79%
Aucun quiz correspondant
Distribution des résultats
% des personnes avec chaque résultat
Percentile par nombre de réponses
Votre historique - résultats
Vous n’avez pas pris ce quiz